Devízové operácie bakalárska práca

Enregistré dans:
Détails bibliographiques
Auteur principal: Petrovičová, Lenka
Collectivité auteur: Národohospodárska fakulta EU. Katedra bankovníctva a medzinárodných financií
Autres auteurs: Kolenčík, Pavol
Format: Livre
Langue:slovaque
Publié: Bratislava 2009
Tags: Ajouter un tag
Pas de tags, Soyez le premier à ajouter un tag!

MARC

LEADER 00000nam$a2200000$$$4500
001 0100196
005 20240319123203.4
041 0 |a slo 
044 |a SK 
245 1 0 |a Devízové operácie  |b bakalárska práca  |c Lenka Petrovičová ; škol. Pavol Kolenčík 
264 1 |a Bratislava  |c 2009 
300 |a 49 s. 
100 1 |a Petrovičová, Lenka 
700 1 |a Kolenčík, Pavol 
710 2 |a Národohospodárska fakulta EU. Katedra bankovníctva a medzinárodných financií